000 007910am a2200253 004500
008 740625s1967 mau b 000 0 eng
040 _aDLC
_c DLC
_d DLC
043 _aa-ja---
050 0 0 _aJQ1611
_b.L3
092 0 4 _a952.05
_bL273
_221
099 _a04
_a952.05 L273
100 1 _aLangdon, Frank,
_d1919-
245 1 0 _aPolitics in Japan
_c[by] Frank Langdon.
260 _aBoston,
_bLittle, Brown
_c[1967]
300 _axiii, 290 p.
_c21 cm.
490 0 _aThe Little, Brown series in comparative politics. A country study
504 _aBibliographical footnotes.
651 0 _aJapan
_xPolitics and government.
902 _a1
905 _aIbrahim
_eRev
905 _aMarwa Anter
_ecat
942 _2ddc
_cBK
999 _c107129
_d107129